LEADER 01142nam a2200253 a 4500 001 000000044635 003 CaOOAMICUS 005 20130925114323.0 008 990504s1913 gw u000 u ger u 035 $a10822047 040 $aPUL(R)$bita 041 1 $ager$hass$hiro 100 1 $aKohler, J.$0(OLS)http://pul/name/32566 245 10$aAssyrische Rechtsurkunden :$bin Umschrift und Übersetzung nebst einem Index der Personen Namen und Rechtserläuterung /$cvon J. Kohler [e] A. Ungnad. 260 $aLeipzig :$bVerlag Pfeiffer,$c1913. 300 $a467 p. ;$c25 cm 650 4$aDiritto antico.$0(OLS)http://pul/subject/17968 700 1 $aUngnad, Arthur,$d1879-1947.$0(OLS)http://pul/name/32498 850 $aPUL 852 $aPUL$W1$xDP2 Diritto e Scienze Sociali 1$y65$m210 B 10$j60036$nBK-PRI$qStampati$B60036$CPULBib$Z2$F60036 $82 941 1 $a8 961 $aTimbri: Biblioteca Carusi. 996 $6245$aAssyrische Rechtsurkunden :$bin Umschrift und Übersetzung nebst einem Index der Personen Namen und Rechtserläuterung$9(OLS)http://pul/title/60161 996 $6260$aLeipzig :$bVerlag Pfeiffer$9(OLS)http://pul/publisher/65822 LEADER 01693nam a2200349 a 4500 001 000000128450 003 CaOOAMICUS 005 20120420111321.0 008 120420s2010 it c u000 u ita r 020 $a978-88-213-0767-6 040 $aPUL$bita 082 04$a271.79 100 1 $aBertello, Giuseppe.$0(OLS)http://pul/name/82075 245 10$aScritti e documenti sull'educazione e sulle scuole professionali :$bintroduzione, premesse, testi critici e note /$cGiuseppe Bertello ; a cura di José Manuel Prellezo. 260 $aRoma :$bLAS,$c2010. 300 $a315 p., [1] c. di tav. :$britr. ;$c24 cm. 490 1 $aIstituto storico salesiano. Roma. Fonti$aSerie seconda ;$v13 490 1 $aScritti editi e inediti di salesiani ;$v13 500 $aInclude indici. 504 $aBibliografia in nota. 650 4$aSalesiani$xEducazione.$0(OLS)http://pul/subject/38605 700 1 $aPrellezo, José Manuel.$0(OLS)http://pul/name/26607 830 0$aIstituto storico salesiano. Roma.$pFonti$nSerie seconda ;$v13.$0(OLS)http://pul/title/161628 830 0$aScritti editi e inediti di salesiani ;$v13.$0(OLS)http://pul/title/161629 850 $aPUL 852 $aPUL$W1$xSL Religione 3$y85$m271. 79 BERGI 1$j148771$qDDC 21$B147301$CPULBib$Z2$F147301 $H115505 $82 941 1 $a9 996 $6020$a978-88-213-0767-6$9(OLS)http://pul/number/149448 996 $6082$a271.79$9(OLS)http://pul/classification/1703 996 $6245$aScritti e documenti sull'educazione e sulle scuole professionali :$bintroduzione, premesse, testi critici e note$9(OLS)http://pul/title/162328 996 $6260$aRoma :$bLAS$9(OLS)http://pul/publisher/48069